000 00512nam a22001817a 4500
999 _c160620
_d160620
005 20190213153533.0
010 _aENG-124757
020 _a9789381930229
_c550.00
035 _aEN-108289
037 _bDBAD/PUB
082 _a509.2
100 _aDas, Ajay
245 _aGreat scientists of the world/
_cby Ajay Das
260 _aDelhi
_bKartik Prakashan
_c2019
270 _aB-89, Gali No.9, West Karawal Nagar
_bDelhi
_e110090
300 _a208p.
_c22cm(Hb)
942 _2ddc
_cEN
_h509.2
_mDAS